000 00418nam a2200181Ia 4500
005 20240823044140.0
008 240823s9999||||xx |||||||||||||| ||und||
041 _aENGLISH
082 _A420 N4
100 _aLakshmana Perumal N
245 0 _aEngineering English
250 _a1st
260 _c1994
_b"Meenakshi,Tamil Nadu"
500 _aTRANSFERED
650 _aENG
_bEnglish
942 _cBK
999 _c211887
_d211887